000 00792nam a22002657a 4500
003 CHAP
005 20220329141604.0
008 971013s1885 r 00010 d
010 _a70595
011 _a71567
035 _a81121
040 _cCHAP
082 _a584.25
_bD3
100 0 0 _aDanielli, Iacopo.
_931035
245 _aStudi sull'agave americana
260 _aFirenze :
_bStabilimento di Giuseppe Pellas,
_c1885
300 _a90 p.
_b; láms. plegadas
500 _a"Estratto dal Nuovo Giornale Botanico Italiano, vol.17, no. 2, Aprile 1885"
590 _aBATCH-UPD
_b10
_c20130110
_lUCH01
_h1115
590 _aCONVERSION
_b10
_c20130109
_lUCH01
_h1339
650 1 4 _aAgave.
_91069
901 _aBK
942 _cLIBRO
949 _a584.25 D3
_bBC
_cBPP
_d-34293
_eBPP
_h9858
_i81121
_si
999 _c70595
_d70595